Siempre alegres para hacer felices a los demás /

محفوظ في:
التفاصيل البيبلوغرافية
المؤلف الرئيسي: Urteaga Loidi, Jesús (autor)
مؤلفون آخرون: Aguado Caro, Manuel (autor) (autor)
التنسيق: كتاب
اللغة:الإسبانية
منشور في: Madrid, España : Rialp, 1968, c1968
الطبعة:4a edición
الموضوعات:
الوسوم: إضافة وسم
لا توجد وسوم, كن أول من يضع وسما على هذه التسجيلة!

MARC

LEADER 00000nam^a2200000^a^4500
001 000283498
005 20250604140033.0
009 20260526134632.886
025 |a Donación sin dato, 1 ejemplar 
037 |a Acervo ITESO - Biblioteca 
041 |a ESP 
082 |a 179. 9  |b URT 
100 |a Urteaga Loidi, Jesús  |e (autor) 
245 1 0 |a Siempre alegres para hacer felices a los demás /  |c J. Urteaga Loidi, M. Aguado Caro. 
250 |a 4a edición 
264 4 |a Madrid, España :  |b Rialp,  |c 1968, c1968 
300 |a 218 p. 
336 |a texto  |b txt  |2 rdacontenido 
337 |a sin mediación  |b n  |2 rdamedio 
338 |a volumen  |b nc  |2 rdasoporte 
649 |a XX 
650 |a Jóvenes 
650 |a Felicidad -  |x Tema Principal 
650 |a Conducta de Vida 
650 |a Etica Cristiana 
650 |a Etica y Religión 
650 |a Filosofía y Religión 
650 |a Filosofía Aplicada 
700 |a Aguado Caro, Manuel  |e (autor) 
910 |a Fondo General 
920 |a Impresos - Libros 
930 |a Colección General 
905 |a 101 
901 |a 0500169849  |b IT1  |c ACC  |i D  |u 20250521 
902 |a https://opac.biblio.iteso.mx/vufind/Record/000283498